000 01053nam a2200253 a 4500
003 BD-DhJNU
005 20260122035654.0
008 251108s2023 bg |||g |||| 000 1|ben|d
020 _a9788170661276
040 _aBD-DhJNU
_bben
_cBD-DhJNU
_dBD-DhJNU
041 _aben
082 _a759.4 MIP
_223
100 _aমিত্র, অশোক
242 1 0 _aPainting/Art of Western Europe /
_cAshok Mitra
245 1 0 _aপশ্চিম ইওরোপের চিত্রকলা /
_cঅশোক মিত্র
246 _aPaschim Europer chitrakala
250 _a1st ed.
260 _aকলকাতা :
_bআনন্দ পাবলিশার্স প্রাইভেট লিমিটেড,
_c2023.
300 _a১৬০ পৃ. :
_bচিত্র ;
_c২২ সেমি.।
504 _aগ্রন্থপঞ্জিগত নির্দেশিকা ও নিঘন্ট অন্তভূক্ত
650 _aশিল্পকলার ইতিহাস
650 _aArt history
942 _cBK
999 _c2553
_d2553